Statistiques concernant Mots de la langue française terminés par "nade"

Cliquez ici pour prendre le quiz!

Statistiques générales

  • Ce quiz a été pris 337 fois
  • Le résultat moyen est 7 sur 18

Statistiques - réponses

IndiceMot% Correct
fruitgrenade
83%
célèbre à Nicepromenade
80%
boissonlimonade
74%
vent violenttornade
73%
plongéebaignade
47%
sucrecassonade
45%
concertserenade
37%
boissoncitronnade
34%
glandegonade
30%
recette de cuisinetapenade
29%
celle des Invalides est célèbreesplanade
28%
potagepanade
28%
troupeaumanade
23%
technique culinairemarinade
17%
celle du Louvre est célèbrecolonnade
9%
altercationempoignade
8%
prêtresse de Bacchusménade
6%
sans but préciscantonade
4%

Distribution des résultats

Percentile par nombre de réponses

% des personnes avec chaque résultat

Votre développement - résultats

Vous n’avez pas pris ce quiz